| 000 | 00791nam a2200157 a 4500 | ||
|---|---|---|---|
| 008 | 120416s0000 ||||||||||||||||| || u | ||
| 020 | _a8176480754 | ||
| 050 | _aHV 8766 Pac | ||
| 100 | _aPachauri, S. K | ||
| 245 | 1 | 0 | _aPrisoners and human rights |
| 260 |
_aNew Delhi _bS.D. Nangia _c1999 |
||
| 350 | _a0.00 | ||
| 995 |
_aMAIN LIBRARY OPEN ACCESS _D0.00 _e733067 _FCBU-MAIN LIBRARY (Kitwe) _H1 _I60.00 _jHV 8766 Pac _M1 _UAVAILABLE _y029792 _ZMain Library Open Access Collection |
||
| 995 |
_aMAIN LIBRARY OPEN ACCESS _D0.00 _e733069 _FCBU-MAIN LIBRARY (Kitwe) _H2 _I60.00 _jHV 8766 Pac _M2 _UAVAILABLE _y029793 _ZMain Library Open Access Collection |
||
| 995 |
_aANNEX COLLECTION (Main Library) _D0.00 _e733068 _FCBU-MAIN LIBRARY (Kitwe) _H3 _I60.00 _jHV 8766 Pac _M3 _UAVAILABLE _y029794 _ZAnnex Low-Usage Collection |
||
| 999 |
_c77173 _d77173 |
||